1851 1386 1857 1681 1099 1922 1262 1674 1568 1693 1317 1837 1453 1473 1208 1749 1535 1316 1893 1072 1500 1186 1365 1695 1569 1390 1445 1115 1936 1464 1310 1202 1348 1236 1516 1232 1302 1777 1278 1600 1859 1733 1215 1202 1437 1295 1880 1592 1015 1469 1135 1547 1120 1104 1795 1246 1694 1958 1828 1061 1827 1011 1854 1936 1431 1401 1106 1004 1270 1627 1813 1719 1853 1417 1837 1945 1835 1370 1560 1557 1711 1558 1906 1045 1670 1241 1546 1991 1636 1078 1886 1135 1980 1407 1811 1530 1923 1338 1649 BCNSPRNW ULIB Ver.6.0+V

เปลี่ยนเป็นภาษาไทย

Change to English
 แสดงรายละเอียดบรรณานุกรม
  กลับหน้าหลัก

Brief Record : Get Marc (ISO 2709) : E-mail record : QR code < ปิดหน้าต่าง
LEADER : 00000nam 2200000uu 4500
001    13399108580
003     ULIB
008    110309s2552||||th 000 0 tha d
020    9786165310499
060  4 QV767^bห181ก 2552
100 0  ลำดวน อุ่นใจ
245 00 กินใบบัวบกเลิกพึ่งยาหมอ/^cลำดวน อุ่นใจ
260    กรุงเทพฯ:^bแบงค์คอกบุคส์,^c2552
300    63 หน้า:^bภาพประกอบ
650  7 ใบบัวบก
945    ^p59^l0^i027666
995    ทศพร
999 ^a ใช้งานได้ทุกระบบ
รายการนี้ยังไม่มีแท็ก
คุณยังไม่ได้ล็อกอิน คุณสามารถมีกิจกรรมร่วมกับเว็บไซต์ได้ แต่ต้องล็อกอินก่อน ::
  ล็อกอิน

รายการสื่อสารสนเทศ

ลำดับที่ ประเภท เลขเรียก/บาร์โค้ด สถานที่ สถานะ
- ไม่พบข้อมูล -

รายการใกล้เคียง
    ผู้แต่ง [ลำดวน อุ่นใจ]

    หัวเรื่อง [ใบบัวบก]

BibComment


ยังไม่เคยถูกคอมเมนท์

คอมเมนท์ทรัพยากรรายการนี้
  คอมเมนท์: กินใบบัวบกเลิกพึ่..


 Copyright 2026. Bcnsprnw @Library